Les entraîneurs du FC Barcelone au XXIème siècle - Statistiques

Statistiques générales
  • Ce quiz a été pris 491 fois
    168 depuis la dernière actualisation
  • Le résultat moyen est 7 sur 17
Statistiques - réponses
Date Entraîneur % Correct
2021-2024 Xavi Hernández
95%
2024- Hansi Flick
93%
2008-2012 Josep Guardiola
93%
2014-2017 Luis Enrique
92%
2020-2021 Ronald Koeman
82%
2017-2020 Ernesto Valverde
63%
2003-2008 Frank Rijkaard
56%
2020 Quique Setién
44%
2012-2013 Tito Vilanova
42%
2002-2003 Louis van Gaal
28%
2013-2014 Gerardo Martino
25%
2021 Sergi Barjuan
3%
2001-2002 Carles Rexach
2%
2013 Jordi Roura
2%
2003 Radomir Antić
2%
2003 Jesús Antonio de la Cruz
1%
2000-2001 Lorenzo Serra Ferrer
1%
Aucun quiz correspondant
Distribution des résultats
% des personnes avec chaque résultat
Percentile par nombre de réponses
Votre historique - résultats
Vous n’avez pas pris ce quiz depuis la dernière actualisation